[Event "Cappelle Open"]
[Site "Cappelle la Grande FRA"]
[Date "1992.??.??"]
[Round "4"]
[White "Sadler, Matthew"]
[Black "Apicella, Manuel"]
[Result "1-0"]
[WhiteElo "2485"]
[BlackElo "2435"]
[PlyCount "53"]
[EventDate "1992.02.??"]
[Source "www.chesslib.no"]
[SourceDate "2004.05.04"]

1. d4 Nf6 2. c4 g6 3. Nc3 Bg7 4. e4 d6 5. Be2 e5 6. dxe5 dxe5 7. Qxd8+ Kxd8 8. f4 c6 9. Nf3 Nbd7 10. O-O Ke8 11. g3 h6 12. Kg2 Nc5 13. fxe5 Nfxe4 14. Nxe4 Nxe4 15. Be3 Bf5 16. Nd4 Bd7 17. e6 fxe6 18. Bd3 Nd6 19. Bxg6+ Kd8 20. Rad1 Kc7 21. c5 Nc4 22. Bc1 Raf8 23. Bf7 b6 24. Nxe6+ Bxe6 25. Bxe6 Ne5 26. Bf4 Kb7 27. Rfe1 1-0

[Event "II NAO GM"]
[Site "Paris"]
[Date "2003.06.22"]
[Round "3.1"]
[White "Onkoud, Abdelaziz"]
[Black "Shchekachev, Andrei"]
[Result "1/2-1/2"]
[WhiteElo "2326"]
[BlackElo "2592"]
[PlyCount "81"]
[EventDate "2003.06.20"]
[Source "Roberto Alvarez"]
[SourceDate "2003.07.07"]

1. d4 d6 2. c4 g6 3. Nc3 Bg7 4. e4 Nf6 5. Be2 O-O 6. g4 a6 7. a4 Nfd7 8. h4 Nc6 9. Be3 e5 10. d5 Nd4 11. Nf3 Nc5 12. Nxd4 exd4 13. Bxd4 Bxd4 14. Qxd4 Nb3 15. Qd1 Nxa1 16. Qxa1 Bd7 17. Qc1 Qe7 18. h5 g5 19. f4 gxf4 20. Qxf4 f6 21. h6 Rae8 22. Rh5 Kh8 23. c5 Rg8 24. b4 Rg5 25. b5 axb5 26. axb5 Rxh5 27. gxh5 b6 28. c6 Bc8 29. Bg4 f5 30. Bxf5 Qf6 31. Kd2 Rf8 32. Qe3 Bxf5 33. exf5 Qxf5 34. Qd4+ Qf6 35. Ne2 Qxd4+ 36. Nxd4 Kg8 37. Ne6 Rf7 38. Ke3 Re7 39. Kf4 Kf7 40. Ng5+ Kf6 41. Ne4+ 1/2-1/2

[Event "RUS-Cup"]
[Site "Tula "]
[Date "1999.??.??"]
[Round "3"]
[White "Zakharevich, Igor"]
[Black "Bakhtadze, Giorgi"]
[Result "1-0"]
[WhiteElo "2532"]
[BlackElo "2384"]
[PlyCount "83"]
[EventDate "1999.??.??"]
[Source "www.chesslib.no"]
[SourceDate "2004.05.04"]

1. d4 Nf6 2. c4 c5 3. d5 e5 4. Nc3 d6 5. e4 g6 6. Be2 Bg7 7. Bg5 O-O 8. Qd2 Na6 9. h4 Re8 10. h5 Nc7 11. f3 a6 12. a4 Bd7 13. a5 Rb8 14. g4 b5 15. axb6 Rxb6 16. Nh3 Qb8 17. Nd1 Rb4 18. Nhf2 Bc8 19. Bh6 Bh8 20. Qc1 Re7 21. Nd3 Rb3 22. Nc3 Nce8 23. Bd1 Rb6 24. Be3 Rc7 25. Qd2 Re7 26. Ra2 Nd7 27. Ba4 Ndf6 28. Qf2 Rc7 29. Qh4 Bd7 30. Bd1 Bg7 31. Ne2 Rb4 32. Nxb4 Qxb4+ 33. Nc3 Qxc4 34. Qf2 Qb4 35. Rxa6 Rb7 36. Rh2 Bf8 37. hxg6 fxg6 38. Ra3 c4 39. Ba4 Bc8 40. Bc6 Rf7 41. Qe2 Be7 42. Ra8 1-0

[Event "Alushta"]
[Site "?"]
[Date "1999.??.??"]
[Round "?"]
[White "Kuzmin, G.P."]
[Black "Kovalev, A."]
[Result "0-1"]
[WhiteElo "2515"]
[BlackElo "2400"]
[PlyCount "44"]
[EventDate "1999.??.??"]
[Source "Chess Informant"]
[SourceDate "1999.10.01"]

1. d4 Nf6 2. c4 g6 3. Nc3 Bg7 4. e4 O-O 5. Be2 d6 6. g4 Na6 7. h4 c6 8. h5 e5 9. d5 Nc5 10. f3 cxd5 11. cxd5 Qb6 12. Rb1 Bxg4 13. b4 Ncxe4 14. Nxe4 Bf5 15. h6 Nxe4 16. fxe4 Bxe4 17. hxg7 Rfc8 18. Nf3 Bxb1 19. Qd2 e4 20. Nd4 Rxc1+ 21. Qxc1 Qxd4 22. Qxb1 Rc8 0-1

[Event "ISR Ch"]
[Site "Tel Aviv ISR"]
[Date "1994.??.??"]
[Round "2"]
[White "Rechlis, Gad"]
[Black "Godes, Dmitry R"]
[Result "1-0"]
[WhiteElo "2510"]
[BlackElo "2405"]
[PlyCount "69"]
[EventDate "1994.10.??"]
[Source "www.chesslib.no"]
[SourceDate "2004.05.04"]

1. c4 Nf6 2. d4 g6 3. Nc3 Bg7 4. e4 d6 5. Be2 a6 6. f4 Nfd7 7. Nf3 c6 8. a4 a5 9. O-O Na6 10. Be3 Nb4 11. Qd2 Nf6 12. h3 Qc7 13. e5 Nh5 14. Kh2 Bf8 15. Rad1 Ng7 16. d5 Nf5 17. Bf2 h5 18. exd6 exd6 19. Bd4 Bg7 20. Bxg7 Nxg7 21. Ne4 c5 22. Qc3 Kf8 23. Nfg5 Bf5 24. Nf6 Qe7 25. Bf3 Na2 26. Ngh7+ Rxh7 27. Nxh7+ Kg8 28. Qf6 Qc7 29. g4 Kxh7 30. gxf5 Nxf5 31. Bxh5 Re8 32. Rg1 Rg8 33. Rg5 Nh6 34. Re1 Rg7 35. Re7 1-0

[Event "Pico City op"]
[Site "Pico City"]
[Date "1996.??.??"]
[Round "4"]
[White "Valerga, Diego"]
[Black "Giaccio, Alfredo"]
[Result "1-0"]
[WhiteElo "2445"]
[BlackElo "2465"]
[PlyCount "45"]
[EventDate "1996.??.??"]
[Source "www.chesslib.no"]
[SourceDate "2004.05.04"]

1. d4 Nf6 2. c4 c5 3. d5 g6 4. Nc3 d6 5. e4 Bg7 6. Be2 O-O 7. g4 a6 8. a4 e6 9. g5 Ne8 10. h4 exd5 11. exd5 Qe7 12. Kf1 Nd7 13. Nh3 f6 14. Kg2 fxg5 15. Bxg5 Bf6 16. Qd2 Ne5 17. Rae1 Bxh3+ 18. Rxh3 Ng7 19. Ne4 Bxg5 20. hxg5 Qd7 21. f4 Nh5 22. Bxh5 Nxc4 23. Qc3 1-0

[Event "Staufer op 13th"]
[Site "Schwaebisch Gmuend"]
[Date "2001.??.??"]
[Round "6"]
[White "Raetsky, Alexander"]
[Black "Podzielny, Karl Heinz"]
[Result "1-0"]
[WhiteElo "2439"]
[BlackElo "2469"]
[PlyCount "89"]
[EventDate "2001.01.??"]
[Source "ChessBase"]
[SourceDate "2001.03.08"]

1. d4 Nf6 2. c4 g6 3. Nc3 Bg7 4. e4 d6 5. Be2 Nc6 6. d5 Nb8 7. f4 O-O 8. Nf3 c6 9. Be3 Na6 10. O-O Ng4 11. Bd4 Bh6 12. h3 c5 13. hxg4 cxd4 14. Nxd4 Bg7 15. Qd2 Bd7 16. Rad1 Rc8 17. g5 Qb6 18. g3 Nc5 19. Kg2 a6 20. Rh1 e6 21. dxe6 fxe6 22. Bf3 Rf7 23. Nde2 Bc6 24. b3 Rcf8 25. Qe3 Qc7 26. Rhf1 Qe7 27. b4 Na4 28. b5 Nxc3 29. Nxc3 axb5 30. cxb5 Bd7 31. a4 Ra8 32. Rf2 Rff8 33. Rfd2 Rfc8 34. Ne2 Rxa4 35. Rxd6 Bxb5 36. e5 Ra2 37. R1d2 Rxd2 38. Qxd2 Bf8 39. Nd4 Bc4 40. Nxe6 Bb3 41. Nd4 Bf7 42. Ne6 Bxe6 43. Rxe6 Qa3 44. Rb6 Rc3 45. Qd5+ 1-0

[Event "2.Bundesliga Mitte 04/05"]
[Site "AUT"]
[Date "2004.10.16"]
[Round "1.1"]
[White "Horvath, Csaba"]
[Black "Butunoi, Alexandru"]
[Result "1-0"]
[WhiteElo "2546"]
[BlackElo "2361"]
[PlyCount "46"]
[EventDate "2004.10.16"]
[Source "Roberto Alvarez"]
[SourceDate "2004.11.15"]

1. d4 Nf6 2. c4 g6 3. Nc3 Bg7 4. e4 d6 5. Be2 Na6 6. Bg5 O-O 7. Qd2 e5 8. d5 Nc5 9. f3 c6 10. b4 Na6 11. a3 Nc7 12. Bd3 a5 13. b5 c5 14. Nge2 b6 15. O-O-O Nce8 16. g4 Qd7 17. h4 h5 18. Ng3 hxg4 19. h5 Nh7 20. Be3 Qe7 21. Rdg1 Nef6 22. fxg4 Bxg4 23. hxg6 fxg6 1-0

[Event "Ch France (b)"]
[Site "Aix les Bains (France)"]
[Date "2007.08.24"]
[Round "11"]
[White "Kouatly Bachar (FRA)"]
[Black "Colin Vincent (FRA)"]
[Result "1/2-1/2"]
[WhiteElo "2475"]
[BlackElo "2425"]
[PlyCount "109"]
[EventDate "2007.??.??"]
[Source "www.chesslib.no"]
[SourceDate "2004.05.04"]

1. d4 Nf6 2. c4 g6 3. Nc3 Bg7 4. e4 d6 5. Be2 O-O 6. g4 c5 7. d5 e6 8. g5 Ne8 9. h4 exd5 10. cxd5 f5 11. gxf6 Qxf6 12. Be3 Nc7 13. h5 b5 14. hxg6 b4 15. gxh7+ Kh8 16. Na4 Bd7 17. Nf3 Nb5 18. Nh4 Nd4 19. Bg4 Bh6 20. Bxd4 cxd4 21. Bf5 Bxf5 22. Nxf5 Bf4 23. Qxd4 Nd7 24. Qxf6+ Nxf6 25. Ne7 Kg7 26. Nf5+ Kh8 27. Nh4 Kxh7 28. Ke2 Nxe4 29. Rag1 Bh6 30. Rg6 Rxf2+ 31. Kd3 Rf4 32. Rxh6+ Kxh6 33. Ng2+ Kg5 34. Nxf4 Nf2+ 35. Kc4 Nxh1 36. Nd3 b3 37. Kxb3 Ng3 38. Nb4 Nf5 39. Nc6 Ne3 40. Nc3 Kf4 41. Kb4 a5+ 42. Ka4 Rh8 43. Nxa5 Rh5 44. b4 Nxd5 45. Nxd5+ Rxd5 46. b5 Rd4+ 47. Ka3 Rd5 48. Ka4 Rd4+ 49. Ka3 Rd5 50. Kb4 Rd4+ 51. Kb3 Rd3+ 52. Kb4 Rd4+ 53. Kb3 Rd3+ 54. Kc4 Ra3 55. Kb4 1/2-1/2

[Event "Buna-Turnier"]
[Site "Halle"]
[Date "1981.??.??"]
[Round "3"]
[White "Uhlmann, Wolfgang"]
[Black "Antonov, Vladimir"]
[Result "1-0"]
[WhiteElo "2510"]
[BlackElo "2385"]
[PlyCount "49"]
[EventDate "1981.12.07"]
[Source "ChessBase"]

1. c4 Nf6 2. Nc3 g6 3. e4 d6 4. d4 Bg7 5. Be2 c5 6. d5 b5 7. cxb5 a6 8. Nf3 O-O 9. a4 axb5 10. Bxb5 Ba6 11. Bf4 Qa5 12. O-O Nfd7 13. Bd2 Qc7 14. Qe2 Ne5 15. Nxe5 Bxe5 16. f4 Bg7 17. Kh1 Bb7 18. Rae1 Nd7 19. Qg4 Nf6 20. Qh4 e6 21. f5 e5 22. Bg5 Qe7 23. h3 Ba6 24. Bxa6 Rxa6 25. Re3 1-0

[Event "Smederevska Polanka"]
[Site "Smederevska Polanka"]
[Date "1979.08.02"]
[Round "1"]
[White "Rajkovic, Dusan"]
[Black "Ciocaltea, Victor"]
[Result "1-0"]
[WhiteElo "2460"]
[BlackElo "2430"]
[PlyCount "71"]
[EventDate "1979.06.??"]
[Source "www.chesslib.no"]
[SourceDate "2004.05.04"]

1. c4 g6 2. d4 Bg7 3. Nc3 d6 4. e4 Nd7 5. Bg5 c6 6. h3 a6 7. Qd2 Ngf6 8. Nf3 O-O 9. Be2 e5 10. O-O Re8 11. Rfe1 Qe7 12. d5 c5 13. a3 Qf8 14. Nh2 Kh8 15. b4 Ng8 16. Na4 b6 17. Rab1 Bh6 18. Bxh6 Nxh6 19. bxc5 bxc5 20. Nb6 Nxb6 21. Rxb6 f5 22. exf5 Nxf5 23. Bg4 Ra7 24. Nf3 Rg7 25. Ng5 Qe7 26. Ne4 Rd8 27. Qg5 Qf8 28. Reb1 Rf7 29. Rb8 Kg7 30. Bxf5 Rxf5 31. R1b7+ Kg8 32. Qe7 Qxe7 33. Rxe7 Rff8 34. Rc7 h6 35. g4 a5 36. Kg2 1-0

[Event "Budapest HUN"]
[Site "?"]
[Date "2005.05.14"]
[Round "8"]
[White "Ilincic Zlatko"]
[Black "Gonda Laszlo"]
[Result "1/2-1/2"]
[WhiteElo "2473"]
[BlackElo "2416"]
[PlyCount "92"]
[EventDate "2005.??.??"]
[Source "www.chesslib.no"]
[SourceDate "2004.05.04"]

1. d4 Nf6 2. c4 c5 3. d5 e5 4. Nc3 d6 5. e4 g6 6. Be2 Bg7 7. f4 exf4 8. Bxf4 O-O 9. e5 dxe5 10. Bxe5 Re8 11. Nf3 Bg4 12. Bxf6 Bxf6 13. O-O Bxc3 14. bxc3 Nd7 15. Qd2 Qe7 16. Rfe1 Bxf3 17. Bxf3 Qd6 18. Reb1 Nb6 19. Be2 Re7 20. Bf1 Rae8 21. a4 Nc8 22. Bd3 Qd8 23. Rf1 Re3 24. Rf4 Nd6 25. Raf1 f5 26. Kh1 Qe7 27. Kg1 Re1 28. R4f3 Rxf1+ 29. Kxf1 Qe5 30. g3 Re7 31. Kf2 Kf7 32. Qc1 Ke8 33. Qd2 Kd7 34. Qc1 Nf7 35. Qd2 Qf6 36. Re3 Ne5 37. h3 Qg5 38. Qe2 Kd6 39. Kf1 h5 40. h4 Qh6 41. Kg2 f4 42. gxf4 Qxf4 43. Re4 Qc1 44. Qc2 Qxc2+ 45. Bxc2 Rf7 46. Bd1 Rf5 1/2-1/2

[Event "Zamardi"]
[Site "Zamardi"]
[Date "1978.??.??"]
[Round "?"]
[White "Portisch, Ferenc"]
[Black "Szell, Lajos"]
[Result "1-0"]
[WhiteElo "2450"]
[BlackElo "2435"]
[PlyCount "113"]
[EventDate "1978.??.??"]
[Source "www.chesslib.no"]
[SourceDate "2004.05.04"]

1. d4 Nf6 2. c4 c5 3. d5 d6 4. Nc3 g6 5. e4 Bg7 6. Be2 O-O 7. Bf4 b5 8. cxb5 a6 9. a4 Qa5 10. Bd2 axb5 11. Nxb5 Qb6 12. Qc2 Bd7 13. Nf3 Na6 14. O-O Rfb8 15. Ra3 Ne8 16. Bc3 Nac7 17. Nxc7 Nxc7 18. b3 Bxc3 19. Qxc3 Qb4 20. Qxb4 Rxb4 21. Bc4 Bb5 22. Rc1 f5 23. exf5 gxf5 24. Nh4 f4 25. g3 Bxc4 26. bxc4 fxg3 27. Rxg3+ Kf7 28. Rf3+ Ke8 29. Nf5 Kd7 30. Re3 Re8 31. a5 Ra4 32. Rce1 e6 33. dxe6+ Rxe6 34. Rxe6 Nxe6 35. Rd1 Nd4 36. Nxd4 cxd4 37. Rxd4 Rxa5 38. Kg2 Rg5+ 39. Kf3 Rh5 40. h4 Kc6 41. Kg4 Ra5 42. h5 Kd7 43. Re4 Ra2 44. f4 Ra4 45. Kf5 Ra5+ 46. Kf6 Rxh5 47. f5 h6 48. Rd4 Kc7 49. Ke6 Rh1 50. f6 Re1+ 51. Kf7 Rf1 52. Ke7 Re1+ 53. Kf8 h5 54. f7 Rg1 55. Ke7 Re1+ 56. Kf6 Rf1+ 57. Ke6 1-0

[Event "PHI-ch"]
[Site "Makati"]
[Date "2002.05.05"]
[Round "14"]
[White "Nadera, Barlo A"]
[Black "Paragua, Mark"]
[Result "1/2-1/2"]
[WhiteElo "2404"]
[BlackElo "2478"]
[PlyCount "90"]
[EventDate "2002.04.27"]
[Source "ChessBase"]
[SourceDate "2002.07.08"]

1. d4 Nf6 2. c4 g6 3. Nc3 Bg7 4. e4 d6 5. Be2 O-O 6. h3 e5 7. d5 Na6 8. Bg5 h6 9. Be3 Nc5 10. Qc2 c6 11. g4 cxd5 12. cxd5 Qa5 13. Kf1 Bd7 14. Nf3 Rac8 15. Nd2 b5 16. a3 Na4 17. Nb3 Qd8 18. f3 Nh7 19. Qd2 Nxc3 20. bxc3 f5 21. Kg2 h5 22. g5 f4 23. Bxa7 Nxg5 24. Bf2 Bh6 25. Qd3 Nh7 26. Nd2 Nf6 27. Rab1 Rf7 28. c4 bxc4 29. Nxc4 Nxe4 30. fxe4 f3+ 31. Bxf3 Qg5+ 32. Kf1 Rcf8 33. Rg1 Bxh3+ 34. Ke1 Rxf3 35. Rxg5 Rxd3 36. Rxg6+ Kh7 37. Rxd6 Bf4 38. Rb7+ Kh8 39. Bh4 Rd4 40. Bf6+ Kg8 41. Rg7+ Kh8 42. Re7+ Kg8 43. Rg7+ Kh8 44. Re7+ Kg8 45. Rg7+ Kh8 1/2-1/2

[Event "Balatonlelle HUN"]
[Site "?"]
[Date "2006.06.21"]
[Round "5.5"]
[White "Gonda Laszlo"]
[Black "Videki Sandor"]
[Result "1-0"]
[WhiteElo "2465"]
[BlackElo "2414"]
[PlyCount "107"]
[EventDate "2006.??.??"]
[Source "www.chesslib.no"]
[SourceDate "2004.05.04"]

1. d4 Nf6 2. c4 g6 3. Nc3 Bg7 4. e4 d6 5. Be2 O-O 6. g4 c5 7. d5 a6 8. a4 e6 9. g5 Nfd7 10. h4 exd5 11. exd5 Re8 12. Kf1 b5 13. axb5 Nb6 14. h5 Ra7 15. Bf4 Rae7 16. Qd3 axb5 17. Nxb5 Bxb2 18. Ra2 Be5 19. Qg3 Bf5 20. Bxe5 Rxe5 21. hxg6 Bxg6 22. Nf3 Rxe2 23. Rxe2 Bd3 24. Ng1 Bxe2+ 25. Nxe2 Nxc4 26. Qd3 Re4 27. Ng3 Rf4 28. Qxh7+ Kf8 29. Qh8+ Ke7 30. Qxd8+ Kxd8 31. Rh8+ Kd7 32. Rxb8 Ne3+ 33. Kg1 Nxd5 34. Rg8 Rb4 35. Na3 Nf4 36. Rg7 Ke6 37. Rh7 Ra4 38. Nb5 Ra1+ 39. Kh2 Ra2 40. Ne4 d5 41. Nxc5+ Kf5 42. Kg3 Kg6 43. Rh8 Kxg5 44. Rg8+ Ng6 45. Rd8 Nf4 46. Nd3 Nh5+ 47. Kg2 Nf6 48. Nd6 Ne4 49. Nxe4+ dxe4 50. Nb4 Rb2 51. Nd5 Rd2 52. Rg8+ Kf5 53. Ne3+ Kf6 54. Kg3 1-0

[Event "Pernik"]
[Site "Pernik"]
[Date "1981.??.??"]
[Round "4"]
[White "Simic, Radoslav"]
[Black "Djuric, Stefan"]
[Result "1/2-1/2"]
[WhiteElo "2440"]
[BlackElo "2435"]
[PlyCount "26"]
[EventDate "1981.06.??"]
[Source "ChessBase"]

1. d4 Nf6 2. c4 c5 3. d5 e5 4. Nc3 d6 5. e4 g6 6. Be2 Bg7 7. Bg5 Na6 8. Nf3 h6 9. Bd2 Qe7 10. O-O Nh7 11. Ne1 Ng5 12. h4 Nh7 13. g3 h5 1/2-1/2

[Event "DSV-Turnier"]
[Site "Leipzig"]
[Date "1975.??.??"]
[Round "6"]
[White "Knaak, Rainer"]
[Black "Boensch, Uwe"]
[Result "1-0"]
[WhiteElo "2510"]
[BlackElo "2365"]
[PlyCount "61"]
[EventDate "1975.11.22"]
[Source "ChessBase"]

1. d4 g6 2. c4 Bg7 3. Nc3 c5 4. d5 e5 5. e4 d6 6. Be2 Nf6 7. g4 h5 8. g5 Nh7 9. h4 f6 10. gxf6 Qxf6 11. Be3 Na6 12. Qd2 Bd7 13. O-O-O O-O-O 14. Nh3 Rdf8 15. Kb1 Kb8 16. Rdg1 Rhg8 17. Qc1 Nc7 18. f3 Qf7 19. Nf2 Bf6 20. Nd3 Qe7 21. b4 b6 22. bxc5 dxc5 23. Nxc5 bxc5 24. Qa3 Qd6 25. Bxc5 Qa6 26. d6 Qxa3 27. dxc7+ Kxc7 28. Nd5+ Kb7 29. Bxa3 Rb8 30. Bd6 Rbc8 31. Ka1 1-0

[Event "Ilioupolis"]
[Site "Ilioupolis"]
[Date "1995.??.??"]
[Round "1"]
[White "Moutousis, Konstantinos"]
[Black "Kofidis, Andreas"]
[Result "1/2-1/2"]
[WhiteElo "2465"]
[BlackElo "2405"]
[PlyCount "123"]
[EventDate "1995.??.??"]
[Source "ChessBase"]

1. d4 Nf6 2. c4 g6 3. Nc3 Bg7 4. e4 d6 5. Be2 e5 6. d5 a5 7. Bg5 h6 8. Be3 Na6 9. h4 Nc5 10. Qc2 b6 11. h5 gxh5 12. Bxh5 Nxh5 13. Rxh5 Bg4 14. Rh1 h5 15. Nge2 Bh6 16. Bxh6 Rxh6 17. Qd2 Qf6 18. O-O-O Bxe2 19. Qxe2 Qg5+ 20. Kb1 O-O-O 21. Qf3 Rf8 22. Qf5+ Qxf5 23. exf5 Rg8 24. Rdg1 Rg4 25. g3 Rxc4 26. Rh4 Rxh4 27. gxh4 Kd7 28. Kc2 c6 29. a3 b5 30. Rd1 cxd5 31. Nxd5 Ne4 32. f4 exf4 33. Rd4 Nf6 34. Nxf4 Rh8 35. Nh3 Rc8+ 36. Kd3 Rc5 37. Rf4 Rd5+ 38. Kc2 Re5 39. Kd3 Nd5 40. Rf3 Ne7 41. f6 Rf5 42. Rf4 Rd5+ 43. Rd4 Rxd4+ 44. Kxd4 Ng6 45. Ng5 Nxh4 46. Kd5 Ng6 47. Nxf7 h4 48. Ng5 Nf4+ 49. Ke4 h3 50. Nf3 Ng2 51. Kd5 Ne3+ 52. Ke4 Ng4 53. Kf5 h2 54. Nxh2 Nxh2 55. f7 Ke7 56. f8=Q+ Kxf8 57. Ke6 b4 58. axb4 axb4 59. Kxd6 Nf3 60. Kc5 b3 61. Kc4 Ke7 62. Kxb3 1/2-1/2

[Event "Smederevska Palanka"]
[Site "Smederevska Palanka"]
[Date "1981.??.??"]
[Round "11"]
[White "Schmidt, Wlodzimierz"]
[Black "Nikolic, Stanimir"]
[Result "1/2-1/2"]
[WhiteElo "2495"]
[BlackElo "2375"]
[PlyCount "54"]
[EventDate "1981.06.??"]
[Source "ChessBase"]

1. d4 Nf6 2. c4 g6 3. Nc3 Bg7 4. e4 d6 5. Be2 c6 6. Nf3 Bg4 7. Be3 O-O 8. h3 Bxf3 9. Bxf3 e5 10. d5 c5 11. g4 Ne8 12. h4 Nd7 13. Qd2 Nc7 14. h5 a6 15. a4 Qe7 16. a5 Rfb8 17. Be2 b6 18. axb6 Rxb6 19. Na4 Rb3 20. hxg6 hxg6 21. Bd1 Rb4 22. b3 Qf8 23. Bc2 Nb5 24. O-O-O Nd4 25. Bxd4 exd4 26. f4 Qd8 27. Rh3 Nf6 1/2-1/2

[Event "Satu-Mare"]
[Site "Satu-Mare ROM"]
[Date "1994.??.??"]
[Round "6"]
[White "Grigore, George"]
[Black "Ghitescu, Theodor"]
[Result "0-1"]
[WhiteElo "2455"]
[BlackElo "2410"]
[PlyCount "44"]
[EventDate "1994.??.??"]
[Source "www.chesslib.no"]
[SourceDate "2004.05.04"]

1. d4 Nf6 2. c4 c5 3. d5 e5 4. Nc3 d6 5. e4 g6 6. Be2 Bg7 7. Bg5 O-O 8. Qd2 Na6 9. h4 Nc7 10. h5 Re8 11. hxg6 fxg6 12. f4 exf4 13. Qxf4 Qe7 14. Qh4 h6 15. Bxh6 Nxe4 16. Bxg7 Kxg7 17. Qh7+ Kf6 18. Nxe4+ Qxe4 19. Qxc7 Bg4 20. Rh7 Qxg2 21. Qxd6+ Kg5 22. Rh2 Qxg1+ 0-1

[Event "HUN-chT 0203"]
[Site "?"]
[Date "2003.03.02"]
[Round "8"]
[White "Mester Gyula"]
[Black "Hazai Laszlo"]
[Result "1/2-1/2"]
[WhiteElo "2419"]
[BlackElo "2439"]
[PlyCount "24"]
[EventDate "2003.??.??"]
[Source "www.chesslib.no"]
[SourceDate "2004.05.04"]

1. d4 Nf6 2. c4 g6 3. Nc3 Bg7 4. e4 d6 5. Be2 O-O 6. g4 a6 7. g5 Nfd7 8. h4 c5 9. d5 b5 10. Nf3 Nb6 11. a4 Nxc4 12. axb5 Nb6 1/2-1/2

[Event "OHRA"]
[Site "Amsterdam"]
[Date "1984.??.??"]
[Round "9"]
[White "Langeweg, Kick"]
[Black "Hjorth, Greg"]
[Result "1/2-1/2"]
[WhiteElo "2415"]
[BlackElo "2440"]
[PlyCount "56"]
[EventDate "1984.07.??"]
[Source "ChessBase"]

1. d4 Nf6 2. c4 g6 3. Nc3 Bg7 4. e4 d6 5. Be2 e5 6. dxe5 dxe5 7. Qxd8+ Kxd8 8. f4 Nbd7 9. Nf3 c6 10. fxe5 Ng8 11. Bf4 Nc5 12. O-O-O+ Ke8 13. Rd2 Bg4 14. Kc2 Bxf3 15. Bxf3 Ne6 16. Bg3 h5 17. h3 Rd8 18. Rxd8+ Kxd8 19. Rd1+ Kc8 20. b4 Ne7 21. h4 g5 22. hxg5 Ng6 23. Bf2 Nxe5 24. Be2 b6 25. a4 Nf4 26. Bf1 Ng4 27. Bg1 Ne6 28. a5 bxa5 1/2-1/2

[Event "Halle GER"]
[Site "Halle GER"]
[Date "1981.??.??"]
[Round "?"]
[White "Vilela, Jose Luis"]
[Black "Pavlov, Mircea"]
[Result "1/2-1/2"]
[WhiteElo "2430"]
[BlackElo "2415"]
[PlyCount "36"]
[EventDate "1981.??.??"]
[Source "www.chesslib.no"]
[SourceDate "2004.05.04"]

1. d4 Nf6 2. c4 g6 3. Nc3 Bg7 4. e4 d6 5. Be2 Kf8 6. Nf3 e5 7. O-O Nc6 8. d5 Ne7 9. Nd2 a5 10. a3 Nfxd5 11. Rb1 Nf6 12. b4 axb4 13. axb4 Bf5 14. Nd5 Nh5 15. Ne3 g5 16. Ng4 Ng3 17. Rb2 Kg8 18. hxg3 Nd5 1/2-1/2

[Event "Rieden (Germany)"]
[Site "?"]
[Date "1996.??.??"]
[Round "?"]
[White "Casper Thomas"]
[Black "Riemersma Liafbern"]
[Result "1-0"]
[WhiteElo "2405"]
[BlackElo "2435"]
[PlyCount "101"]
[EventDate "1996.??.??"]
[Source "www.chesslib.no"]
[SourceDate "2004.05.04"]

1. d4 Nf6 2. c4 g6 3. Nc3 Bg7 4. e4 d6 5. Be2 Nbd7 6. Bg5 c5 7. d5 a6 8. Qd2 Qa5 9. f3 Rb8 10. a4 h6 11. Be3 Ne5 12. h3 Qb4 13. Nb1 Qxd2+ 14. Kxd2 a5 15. g4 g5 16. h4 Nh7 17. Nc3 Ng6 18. hxg5 hxg5 19. Rh5 f6 20. Nh3 Kf7 21. Rh1 Bd7 22. Rxh7 Rxh7 23. Nxg5+ fxg5 24. Rxh7 Nf4 25. Bxf4 gxf4 26. e5 dxe5 27. Ne4 b6 28. Ng5+ Kf6 29. b3 Rg8 30. Rh5 Bh8 31. Bd3 Kg7 32. Ne4 Kf7 33. Nf2 Bf6 34. Bf5 Bxf5 35. Rxf5 e6 36. dxe6+ Kxe6 37. Ne4 Be7 38. Rh5 Rg6 39. Kd3 Bd8 40. Nc3 Bf6 41. Ke4 Kf7 42. Nd5 Bg7 43. Rf5+ Ke8 44. Rh5 Kf7 45. Rh7 Kg8 46. Rh1 Kf7 47. Kf5 Re6 48. Rh7 Rd6 49. g5 Kf8 50. Nc7 Kg8 51. Rxg7+ 1-0

[Event "Hastings ENG"]
[Site "Hastings ENG"]
[Date "1980.??.??"]
[Round "?"]
[White "Pinter, Jozsef"]
[Black "Brito Garcia, Alfredo"]
[Result "1-0"]
[WhiteElo "2535"]
[BlackElo "2300"]
[PlyCount "69"]
[EventDate "1980.??.??"]
[Source "www.chesslib.no"]
[SourceDate "2004.05.04"]

1. d4 Nf6 2. c4 c5 3. d5 g6 4. Nc3 Bg7 5. e4 d6 6. Be2 Nbd7 7. Bf4 O-O 8. Nf3 b5 9. cxb5 a6 10. a4 axb5 11. Bxb5 Ba6 12. O-O Bxb5 13. axb5 Nb6 14. Qe2 Ne8 15. Ra6 Rb8 16. Rfa1 Nc7 17. Ra7 Nc8 18. R7a5 Qd7 19. e5 Rb7 20. Rd1 Nb6 21. Bg3 Rfb8 22. Ng5 Nc8 23. Nce4 Qe8 24. exd6 exd6 25. Re1 Qd7 26. Qf3 Ne8 27. Nxc5 dxc5 28. Bxb8 Rxb8 29. Qh3 Qd8 30. Qxh7+ Kf8 31. Qh4 Nf6 32. Ra6 Nb6 33. Ra7 Nbd7 34. d6 Nd5 35. Qg4 1-0

[Event "Tbilisi"]
[Site "Tbilisi GEO"]
[Date "1986.??.??"]
[Round "?"]
[White "Ubilava, Elizbar E"]
[Black "McDonald, Neil R"]
[Result "1-0"]
[WhiteElo "2515"]
[BlackElo "2320"]
[PlyCount "69"]
[EventDate "1986.11.??"]
[Source "www.chesslib.no"]
[SourceDate "2004.05.04"]

1. d4 Nf6 2. c4 g6 3. Nc3 Bg7 4. e4 d6 5. Be2 Nbd7 6. Bg5 c5 7. d5 O-O 8. f3 Ne5 9. Qd2 a6 10. a4 Qa5 11. Ra3 Qb4 12. Qc2 Qa5 13. f4 Neg4 14. h3 h6 15. hxg4 hxg5 16. f5 Nd7 17. Nf3 Ne5 18. Nxg5 Bd7 19. Kf2 Qc7 20. a5 b5 21. axb6 Qxb6 22. Nd1 Rfe8 23. Qc1 e6 24. Qf4 exd5 25. f6 Bxg4 26. fxg7 Bxe2 27. Kxe2 f5 28. cxd5 Qb5+ 29. Kf2 Nd3+ 30. Rxd3 Qxd3 31. Ne6 Rxe6 32. dxe6 Kxg7 33. Ne3 Qxe4 34. Qxd6 Kf6 35. Nd5+ 1-0

[Event "Hostan Open"]
[Site "Znojmo"]
[Date "2004.05.20"]
[Round "6"]
[White "Meins, Gerlef"]
[Black "Slaby, Jerzy"]
[Result "1/2-1/2"]
[WhiteElo "2456"]
[BlackElo "2377"]
[PlyCount "98"]
[EventDate "2004.05.15"]
[Source "Roberto Alvarez"]
[SourceDate "2004.05.31"]

1. d4 Nf6 2. c4 g6 3. Nc3 Bg7 4. e4 d6 5. Be2 Na6 6. Nf3 O-O 7. O-O e5 8. Re1 Qe8 9. Bf1 Bg4 10. Be3 Bxf3 11. Qxf3 Ng4 12. dxe5 Nxe3 13. Qxe3 Qxe5 14. Rad1 Rfe8 15. Rd5 Qe7 16. g3 c6 17. Rd2 Nc5 18. Bg2 a5 19. b3 f5 20. Rde2 Qe5 21. exf5 Qxe3 22. Rxe3 Rxe3 23. Rxe3 gxf5 24. Ne2 Rd8 25. Rf3 Re8 26. Kf1 a4 27. b4 Na6 28. b5 Nb4 29. bxc6 bxc6 30. a3 Nc2 31. Rd3 Rb8 32. Rd1 Rb6 33. Rc1 Nxa3 34. c5 dxc5 35. Rxc5 Nb1 36. Rxc6 Rb8 37. Bd5+ Kh8 38. Ra6 a3 39. Kg2 Bf8 40. Be6 Re8 41. Bxf5 Rxe2 42. Bxb1 Bc5 43. Kh3 Rxf2 44. Bd3 Kg7 45. Ra5 Be7 46. Bc4 Rc2 47. Bb3 Rb2 48. Bc4 h6 49. Ra6 Bc5 1/2-1/2

[Event "Mar del Plata Open"]
[Site "Mar del Plata ARG"]
[Date "1990.??.??"]
[Round "?"]
[White "Soppe, Guillermo G"]
[Black "Arencibia, Walter"]
[Result "1-0"]
[WhiteElo "2405"]
[BlackElo "2425"]
[PlyCount "47"]
[EventDate "1990.??.??"]
[Source "www.chesslib.no"]
[SourceDate "2004.05.04"]

1. d4 Nf6 2. c4 g6 3. Nc3 Bg7 4. e4 d6 5. Be2 O-O 6. g4 c5 7. g5 Ne8 8. d5 f5 9. gxf6 exf6 10. h4 f5 11. h5 Nf6 12. hxg6 hxg6 13. Bh6 Bxh6 14. Rxh6 Kg7 15. Qd2 Nxe4 16. Nxe4 fxe4 17. O-O-O Bf5 18. Rh2 Nd7 19. Qh6+ Kf7 20. Nh3 Rh8 21. Ng5+ Kf6 22. Nh7+ Kf7 23. Rdh1 Qa5 24. Rh5 1-0